000 00312nam a2200145Ia 4500
100 _aDriankov/ Hellendoorn
942 _cBK
654 _afuzzy control
245 _aAn introduction to fuzzy control
260 _bNarosa
_c1993
082 _a511.322
_bDRI
300 _a316
546 _aENGLISH
999 _c19823
_d19823